000 00504nam a22001577a 4500
005 20251108175003.0
008 250721s2010 xx 000 0 ara d
082 1 4 _a371.42/زعي
100 1 _aزعيزع، عبدالله أبو
_eمؤلف
245 1 0 _aمقدمة في الإرشاد المهني /
264 1 _aعمان :
_bدار يافا العلمية للنشر والتوزيع،
_c2010.
300 _a239 ص.
650 1 7 _aالتوجيه المهني
942 _2ddc
_cBK
999 _c123272
_d123272